[Event "CZE-chT2D 1112"]
[Site "Czech Republic"]
[Date "2012.03.04"]
[Round "9"]
[White "Pokorny, Tomas"]
[Black "Silar, Lubomir"]
[Result "0-1"]
[WhiteElo "2241"]
[BlackElo "2154"]
[PlyCount "71"]
[EventDate "2011.10.09"]
[EventType "team-tourn"]
[EventRounds "11"]
[EventCountry "CZE"]
[SourceTitle "EXT 2013"]
[Source "ChessBase"]
[SourceDate "2012.11.22"]
[SourceVersion "1"]
[SourceVersionDate "2012.11.22"]
[SourceQuality "1"]
[WhiteTeam "Vysoke Myto"]
[BlackTeam "Polabiny III"]
[WhiteTeamCountry "CZE"]
[BlackTeamCountry "CZE"]

1. d4 e6 2. c4 d5 3. Nc3 Nf6 4. Bg5 Nbd7 5. cxd5 exd5 6. e3 c6 7. Bd3 Be7 8. Qc2 0-0 9. Nf3 h6 10. Bh4 Ne8 11. Bxe7 Qxe7 12. 0-0 Nd6 13. b4 f5 14. b5 Ne4 15. bxc6 bxc6 16. Rab1 Qd6 17. Rfc1 Rf6 18. Nd2 Re6 19. Nf1 Ndf6 20. Ne2 g5 21. f3 Qf8 22. Qa4 Bd7 23. fxe4 fxe4 24. Ba6 Ng4 25. Rc3 Qf2+ 26. Kh1 Rf8 27. Neg3 Qf7 28. Be2 Rf6 29. Qxa7 h5 30. h3 Nf2+ 31. Kg1 Nxh3+ 32. gxh3 g4 33. Rb7 Rxf1+ 34. Bxf1 Qf2+ 35. Kh1 Qxg3 36. Rb8 0-1

[Event "CZE-chT2D 1112"]
[Site "Czech Republic"]
[Date "2011.10.09"]
[Round "1"]
[White "Hajek, Jiri"]
[Black "Pokorny, Tomas"]
[Result "1/2-1/2"]
[WhiteElo "2115"]
[BlackElo "2241"]
[PlyCount "28"]
[EventDate "2011.10.09"]
[EventType "team-tourn"]
[EventRounds "11"]
[EventCountry "CZE"]
[SourceTitle "EXT 2013"]
[Source "ChessBase"]
[SourceDate "2012.11.22"]
[SourceVersion "1"]
[SourceVersionDate "2012.11.22"]
[SourceQuality "1"]
[WhiteTeam "Zajecice"]
[BlackTeam "Vysoke Myto"]
[WhiteTeamCountry "CZE"]
[BlackTeamCountry "CZE"]

1. d4 d5 2. Nf3 Nf6 3. Bf4 e6 4. e3 c5 5. c3 Be7 6. Bd3 0-0 7. Nbd2 b6 8. Qe2 Bb7 9. 0-0 Ne4 10. h3 Nd7 11. Ne5 Nxe5 12. Bxe5 Nxd2 13. Qxd2 Bd6 14. Bxd6 Qxd6 1/2-1/2

[Event "CZE-chT2D 1011"]
[Site "Czech Republic"]
[Date "2011.03.06"]
[Round "9.2"]
[White "Pokorny, Tomas"]
[Black "Skacelik, Petr"]
[Result "1/2-1/2"]
[WhiteElo "2250"]
[BlackElo "2238"]
[PlyCount "33"]
[EventDate "2010.10.17"]
[EventType "team-tourn"]
[EventRounds "11"]
[EventCountry "CZE"]
[SourceTitle "EXT 2012"]
[Source "ChessBase"]
[SourceDate "2011.11.24"]
[SourceVersion "1"]
[SourceVersionDate "2011.11.24"]
[SourceQuality "1"]
[WhiteTeam "Vysoke Myto"]
[BlackTeam "Brno Duras II"]
[WhiteTeamCountry "CZE"]
[BlackTeamCountry "CZE"]

1. d4 Nf6 2. c4 g6 3. Nc3 Bg7 4. e4 d6 5. Nf3 0-0 6. Be2 Bg4 7. Be3 Nc6 8. d5 Bxf3 9. Bxf3 Ne5 10. Be2 c5 11. f4 Ned7 12. 0-0 a6 13. a4 Ne8 14. Qc2 Rb8 15. Rae1 Nc7 16. Kh1 e6 17. dxe6 1/2-1/2

[Event "CZE-chT2D 1011"]
[Site "Czech Republic"]
[Date "2010.11.21"]
[Round "3"]
[White "Dosedel, Jiri"]
[Black "Pokorny, Tomas"]
[Result "0-1"]
[WhiteElo "2124"]
[BlackElo "2250"]
[PlyCount "103"]
[EventDate "2010.10.17"]
[EventType "team-tourn"]
[EventRounds "11"]
[EventCountry "CZE"]
[SourceTitle "EXT 2012"]
[Source "ChessBase"]
[SourceDate "2011.11.24"]
[SourceVersion "1"]
[SourceVersionDate "2011.11.24"]
[SourceQuality "1"]
[WhiteTeam "Litomysl"]
[BlackTeam "Vysoke Myto"]
[WhiteTeamCountry "CZE"]
[BlackTeamCountry "CZE"]

1. Nf3 Nf6 2. g3 d5 3. Bg2 c5 4. 0-0 Nc6 5. d3 e6 6. Nbd2 Be7 7. e4 Qc7 8. Re1 b6 9. e5 Nd7 10. Qe2 Bb7 11. c3 h6 12. Nf1 g5 13. h3 0-0-0 14. a3 Rdg8 15. b4 h5 16. b5 Na5 17. Bd2 g4 18. hxg4 Rxg4 19. N1h2 Rg7 20. Bf4 Qd8 21. a4 Qg8 22. Rab1 h4 23. d4 Nf8 24. Rb2 Ng6 25. Bc1 Nf8 26. Bf4 Nc4 27. Ra2 Kb8 28. Qf1 hxg3 29. fxg3 cxd4 30. cxd4 Ng6 31. Bc1 Bb4 32. Ree2 Ne7 33. g4 Rxg4 34. Nxg4 Qxg4 35. Be3 Nf5 36. Bf2 Rg8 37. Nh2 Qf4 38. Qb1 Bc3 39. Qd3 Bxd4 40. Bxd4 Qxd4+ 41. Qxd4 Nxd4 42. Re1 Rg5 43. Rd1 Nf5 44. Nf3 Rg4 45. Kf2 Rxg2+ 46. Kxg2 Nce3+ 47. Kh3 Nxd1 48. Ng5 Nde3 49. Nxf7 d4 50. Ra3 Be4 51. Ng5 Nc4 52. Ra1 0-1

[Event "CZE-chT2D 1011"]
[Site "Czech Republic"]
[Date "2010.10.17"]
[Round "1"]
[White "Pokorny, Tomas"]
[Black "Seidl, Stepan"]
[Result "1-0"]
[WhiteElo "2250"]
[BlackElo "2088"]
[PlyCount "69"]
[EventDate "2010.10.17"]
[EventType "team-tourn"]
[EventRounds "11"]
[EventCountry "CZE"]
[SourceTitle "EXT 2012"]
[Source "ChessBase"]
[SourceDate "2011.11.24"]
[SourceVersion "1"]
[SourceVersionDate "2011.11.24"]
[SourceQuality "1"]
[WhiteTeam "Vysoke Myto"]
[BlackTeam "Bedrichov"]
[WhiteTeamCountry "CZE"]
[BlackTeamCountry "CZE"]

1. d4 Nf6 2. c4 g6 3. Nc3 d5 4. cxd5 Nxd5 5. e4 Nxc3 6. bxc3 Bg7 7. Be3 c5 8. Qd2 Qa5 9. Nf3 Nc6 10. Rc1 Bg4 11. d5 Bxf3 12. gxf3 Rd8 13. Qb2 Nd4 14. Bxd4 cxd4 15. Qb5+ Qxb5 16. Bxb5+ Kf8 17. cxd4 Bxd4 18. Rc7 a6 19. Bd7 Rb8 20. f4 Kg7 21. Bh3 Rhe8 22. Ke2 b6 23. Bd7 Red8 24. Rd1 Bc5 25. e5 Kf8 26. f5 f6 27. f4 g5 28. Be6 Kg7 29. d6 gxf4 30. dxe7 Re8 31. Rd8 Kh6 32. Rxb8 Rxb8 33. exf6 f3+ 34. Kxf3 Bd6 35. Rc8 1-0

[Event "CZE-chT1 East 0506"]
[Site "Czech Republic"]
[Date "2006.02.05"]
[Round "7.3"]
[White "Bolacky, Jiri"]
[Black "Pokorny, Tomas"]
[Result "1/2-1/2"]
[WhiteElo "2260"]
[BlackElo "2271"]
[PlyCount "21"]
[EventDate "2005.10.23"]
[EventType "team"]
[EventRounds "11"]
[EventCountry "CZE"]
[SourceTitle "EXT 2008"]
[Source "ChessBase"]
[SourceDate "2007.11.25"]
[SourceVersion "1"]
[SourceVersionDate "2007.11.25"]
[SourceQuality "1"]

1. e4 c5 2. Nc3 Nc6 3. f4 g6 4. Nf3 Bg7 5. Bb5 e6 6. Bxc6 dxc6 7. e5 f5 8. exf6 Nxf6 9. d3 0-0 10. 0-0 Nd5 11. Ne2 1/2-1/2

[Event "CZE-chT1 East 0506"]
[Site "Czech Republic"]
[Date "2006.01.08"]
[Round "5.3"]
[White "Virostko, Petr"]
[Black "Pokorny, Tomas"]
[Result "1-0"]
[WhiteElo "2373"]
[BlackElo "2271"]
[PlyCount "39"]
[EventDate "2005.10.23"]
[EventType "team"]
[EventRounds "11"]
[EventCountry "CZE"]
[SourceTitle "EXT 2008"]
[Source "ChessBase"]
[SourceDate "2007.11.25"]
[SourceVersion "1"]
[SourceVersionDate "2007.11.25"]
[SourceQuality "1"]

1. e4 c5 2. Nf3 e6 3. d4 cxd4 4. Nxd4 a6 5. Bd3 Nc6 6. Nxc6 dxc6 7. Nd2 e5 8. Nc4 Ne7 9. Be3 Ng6 10. Nb6 Rb8 11. Nxc8 Rxc8 12. Qg4 Qa5+ 13. Bd2 Qc7 14. g3 h5 15. Qf5 h4 16. Bc4 Rd8 17. 0-0-0 Rd4 18. Ba5 Qxa5 19. Rxd4 Qc7 20. Bxf7+ 1-0

[Event "CZE-chT1 East 0506"]
[Site "Czech Republic"]
[Date "2005.11.27"]
[Round "3.3"]
[White "Pokorny, Tomas"]
[Black "Sedlacek, Oldrich"]
[Result "1/2-1/2"]
[WhiteElo "2271"]
[BlackElo "2275"]
[PlyCount "38"]
[EventDate "2005.10.23"]
[EventType "team"]
[EventRounds "11"]
[EventCountry "CZE"]
[SourceTitle "EXT 2008"]
[Source "ChessBase"]
[SourceDate "2007.11.25"]
[SourceVersion "1"]
[SourceVersionDate "2007.11.25"]
[SourceQuality "1"]

1. d4 c5 2. d5 g6 3. c4 d6 4. Nc3 Bg7 5. e4 e6 6. f4 Ne7 7. Nf3 0-0 8. Bd3 f5 9. 0-0 exd5 10. exd5 Bxc3 11. bxc3 Nd7 12. Bd2 Nf6 13. Qc2 Bd7 14. Rae1 Kg7 15. Re2 Neg8 16. Be1 Re8 17. Bh4 Rxe2 18. Qxe2 Qf8 19. Qb2 b6 1/2-1/2